Enciclopedia dello spettacolo, t. ii /

Guardado en:
Otros Autores: D'amico, Silvio
Formato: Libro
Publicado: Roma : Le Maschere, 1954.
Materias:
Etiquetas: Agregar Etiqueta
Sin Etiquetas, Sea el primero en etiquetar este registro!
LEADER 00644nam a22002415a 4500
001 EHU.bham039913
003 AR-BHAM
005 20090403161935.0
008 130507s1954##################000#0#####d
082 7 9 |a 791.03 
245 0 0 |a Enciclopedia dello spettacolo, t. ii /  |c Direttore Silvio D'amico 
260 |a Roma :  |b Le Maschere,  |c 1954. 
300 |a 1743 p. 
505 0 |a BAS - CAP 
653 |a Arte 
653 |a Teatro 
653 |a Opera 
653 |a Ballet 
653 |a Cine 
653 |a Televisión 
653 |a Enciclopedias 
700 1 |a D'amico, Silvio 
859 |a AR-BHAM  |b BIB. HUMANIDADES - Referencia  |h 791.03  |i En16  |p 638.59  |t Ej.1  |v II  |3 II